MARC details
| 000 -CABECERA |
| campo de control de longitud fija |
00945nam a2200241 a 4500 |
| 005 - FECHA Y HORA DE LA ÚLTIMA TRANSACCIÓN |
| campo de control |
20250508063846.0 |
| 008 - ELEMENTOS DE LONGITUD FIJA--INFORMACIÓN GENERAL |
| campo de control de longitud fija |
991125s1996 mx 000 0 spa u |
| 020 ## - NÚMERO INTERNACIONAL NORMALIZADO PARA LIBROS |
| Número Internacional Estándar del Libro |
9687742267 |
| 035 ## - NÚMERO DE CONTROL DEL SISTEMA |
| Número de control de sistema |
UPN01000044847 |
| 049 ## - COLECCIÓN |
| Colección |
CG |
| 050 #4 - SIGNATURA TOPOGRÁFICA DE LA BIBLIOTECA DEL CONGRESO |
| Número de clasificación |
LC5309 U59 |
| Número de documento/Ítem |
C7001-3 1994 AC |
| 100 1# - ASIENTO PRINCIPAL--NOMBRE PERSONAL |
| Nombre de persona |
Nanguse Ramírez, Jorge |
| 9 (RLIN) |
29734 |
| 245 10 - MENCIÓN DE TÍTULO |
| Título |
Planeación, comunicación y evaluación en el proceso enseñanza - aprendizaje : |
| Resto del título |
antología complementaria / |
| Mención de responsabilidad, etc. |
Jorge Nanguse Ramírez, Carlos Julio Guillén Solís ; coord. Xóchitl Leticia Moreno Fernández. |
| 260 ## - PUBLICACIÓN, DISTRIBUCIÓN, ETC. |
| Lugar de publicación, distribución, etc. |
México : |
| Nombre del editor, distribuidor, etc. |
UPN, |
| Fecha de publicación, distribución, etc. |
1996. |
| 300 ## - DESCRIPCIÓN FÍSICA |
| Extensión |
89 p. |
| 500 ## - NOTA GENERAL |
| Nota general |
Licenciatura en educación plan 1994 |
| 650 #4 - ASIENTO SECUNDARIO DE MATERIA - TERMINO TEMATICO |
| Término de materia o nombre geográfico como elemento de entrada |
Comunicación en la educación |
| 9 (RLIN) |
1520 |
| 650 #4 - ASIENTO SECUNDARIO DE MATERIA - TERMINO TEMATICO |
| Término de materia o nombre geográfico como elemento de entrada |
Diagnóstico educativo |
| 9 (RLIN) |
11935 |
| 650 #4 - ASIENTO SECUNDARIO DE MATERIA - TERMINO TEMATICO |
| Término de materia o nombre geográfico como elemento de entrada |
Educación |
| Subdivisión general |
Planificación |
| 9 (RLIN) |
1146 |
| 700 1# - ASIENTO SECUNDARIO--NOMBRE DE PERSONAL |
| Nombre de persona |
Guillén Solís, Carlos Julio, |
| Término indicativo de función/relación |
coaut. |
| 9 (RLIN) |
42713 |
| 700 1# - ASIENTO SECUNDARIO--NOMBRE DE PERSONAL |
| Nombre de persona |
Moreno Fernández, Xóchitl Leticia, |
| Término indicativo de función/relación |
coord. |
| 9 (RLIN) |
29396 |
| 905 ## - TIPO DE MATERIAL |
| Tipo de material |
Libro |